Loading...
Introduction to solid state physics
| Main Author: | |
|---|---|
| Format: | Printed Book |
| Published: |
John Wiley & Sons, London
1995
|
| Edition: | 7 |
| Subjects: |
| LEADER | 00566nam a2200193 4500 | ||
|---|---|---|---|
| 020 | |a 9971511800 |c $6.95 | ||
| 082 | |a R 530.41 KIT-I7 | ||
| 100 | |a Kittel, Charles | ||
| 245 | |a Introduction to solid state physics | ||
| 250 | |a 7 | ||
| 260 | |a John Wiley & Sons, London |c 1995 | ||
| 300 | |a 673 | ||
| 490 | |||
| 500 | |||
| 590 | |a VMV |c $6.95 | ||
| 650 | |a Solid state physics; Properties of matter | ||
| 942 | |c BK | ||
| 999 | |c 83765 |d 83765 | ||
| 952 | |0 0 |1 0 |4 0 |6 R_530_410000000000000_KITI7 |7 0 |9 97233 |a PHY |b PHY |g 0.00 |l 0 |o R 530.41 KIT-I7 |p PHY05423 |r 2019-09-24 |w 2019-09-24 |y BK | ||